书目信息 |
| 题名: |
国学典籍述疏
|
|
| 作者: | 高玉昆 著 | |
| 分册: | ||
| 出版信息: | 北京 中国书籍出版社 2017 |
|
| 页数: | 358页 | |
| 开本: | 24cm | |
| 丛书名: | 中国书籍·学术之星文库 | |
| 单 册: | ||
| 中图分类: | Z126.27 | |
| 科图分类: | ||
| 主题词: | 国学--研究--中国 | |
| 电子资源: | ||
| ISBN: | 978-7-5068-5704-8 | |
| 000 | 01078oam2 2200253 450 | |
| 001 | 2028 | |
| 005 | 20180522160438.19 | |
| 010 | @a978-7-5068-5704-8@b精装@dCNY88.00 | |
| 100 | @a20170619d2017 em y0chiy50 ea | |
| 101 | 0 | @achi |
| 102 | @aCN@b110000 | |
| 105 | @ay z 000yy | |
| 200 | 1 | @a国学典籍述疏@9guo xue dian ji shu shu@f高玉昆著 |
| 210 | @a北京@c中国书籍出版社@d2017 | |
| 215 | @a358页@d24cm | |
| 225 | 1 | @a中国书籍·学术之星文库 |
| 314 | @a高玉昆 (1962-),男,教授,毕业于北京大学中文系,任教于国际关系学院文化与传播系,长期从事中国传统文化的教学与研究工作。中华诗词学会会员、北京诗词学会会员、中国比较文学学会会员。有《大有斋诗稿》行世。主要学术专著有《唐诗比较研究新论》《国学经典导读》等。 | |
| 330 | @a本书分小学、经学、史学、文学几个部分,详细介绍了我国传统文化的范畴,每个部分又遴选了一些重要典籍加以诠释,可以说是一部很好的国学参考书。 | |
| 461 | 0 | @12001 @a中国书籍·学术之星文库 |
| 606 | 0 | @a国学@x研究@y中国 |
| 690 | @aZ126.27@v5 | |
| 701 | 0 | @a高玉昆@9gao yu kun@f(1962-)@4著 |
| 801 | 0 | @aCN@b91MARC@c20170619 |
| 905 | @aMuseLib@dZ126.27@e141 | |
| 国学典籍述疏/高玉昆著.-北京:中国书籍出版社,2017 |
| 358页;24cm.-(中国书籍·学术之星文库) |
| ISBN 978-7-5068-5704-8(精装):CNY88.00 |
| 本书分小学、经学、史学、文学几个部分,详细介绍了我国传统文化的范畴,每个部分又遴选了一些重要典籍加以诠释,可以说是一部很好的国学参考书。 |
| ● |
| 相关链接 |
|
|
|
|
正题名:国学典籍述疏
索取号:Z126.27/141
 
预约/预借
| 序号 | 登录号 | 条形码 | 馆藏地/架位号 | 状态 | 备注 |
| 1 | 1107665 | 211076654 | 第二样本阅览室/ [索取号:Z126.27/141] | 在馆 | |
| 2 | 1107666 | 211076663 | 教育系资料室/ [索取号:Z126.27/141] | 在馆 | |
| 3 | 1107667 | 211076672 | 教育系资料室/ [索取号:Z126.27/141] | 在馆 | |
| 4 | 1107668 | 211076681 | 第三借阅区/ [索取号:Z126.27/141] | 在馆 |